LEADER 08257nam 2200709 450 001 9910555121903321 005 20221111233452.0 010 $a1-119-53665-0 010 $a1-119-53660-X 010 $a1-119-53661-8 035 $a(CKB)4100000009375088 035 $a(MiAaPQ)EBC5906330 035 $a(PPN)243094639 035 $a(EXLCZ)994100000009375088 100 $a20191018d2019 uy 0 101 0 $aeng 135 $aurcnu|||||||| 181 $ctxt$2rdacontent 182 $cc$2rdamedia 183 $acr$2rdacarrier 200 00$aCochrane handbook for systematic reviews of interventions /$fEdited by Julian P.T. Higgins and [6 others] 205 $aSecond edition. 210 1$aHoboken, New Jersey :$cThe Cochrane Collaboration,$d2019 210 4$d©2019 215 $a1 online resource (725 pages) 225 1 $aCochrane book series 311 1 $a1-119-53662-6 320 $aIncludes bibliographical references and index 327 $aStarting a review / Toby J Lasserson, James Thomas, Julian PT Higgins -- Determining the scope of the review and the questions it will address / James Thomas, Dylan Kneale, Joanne E McKenzie, Sue E Brennan, Soumyadeep Bhaumik -- Defining the criteria for including studies and how they will be grouped for the synthesis (P ne E McKenzie, Sue E Brennan, Rebecca E Ryan, Hilary J Thomson, Renea V Johnston, James Thomas --Searching for and selecting studies /Carol Lefebvre, Julie Glanville, Simon Briscoe, Anne Littlewood, Chris Marshall, Maria-Inti Metzendorf, Anna Noel-Storr, Tamara Rader, Farhad Shokraneh, James Thomas, L. Susan Wieland, on behalf of the Cochrane Information Retrieval Methods Group -- Collecting data / Tianjing Li, Julian PT Higgins, Jonathan J Deeks -- Choosing effect measures and computing estimates of effect / Julian PT Higgins, Tianjing Li, Jonathan J Deeks -- Considering bias and conflicts of interest among the included studies / Isabelle Boutron, Matthew J Page, Julian PT Higgins, Douglas G Altman, Andreas Lundh, Asbjørn Hróbjartsson, on behalf of the Cochrane Bias Methods Group -- Assessing risk of bias in a randomized trial / Julian PT Higgins, Jelena Savovi?, Matthew J Page, Roy G Elbers, Jonathan AC Sterne -- Summarizing study characteristics and preparing for synthesis / Joanne E McKenzie, Sue E Brennan, Rebecca E Ryan, Hilary J Thomson, Renea V Johnston -- Analysing data and undertaking meta-analyses / Jonathan J Deeks, Julian PT Higgins, Douglas G Altman, on behalf of the Cochrane Statistical Methods Group -- Undertaking network meta-analyses / Anna Chaimani, Deborah M Caldwell, Tianjing Li, Julian PT Higgins, Georgia Salanti -- Synthesizing and presenting findings using other methods / Joanne E McKenzie, Sue E Brennan -- Assessing risk of bias due to missing results in a synthesis / Matthew J Page, Julian PT Higgins, Jonathan AC Sterne -- Completing ?Summary of findings? tables and grading the certainty of the evidence / Holger J Schünemann, Julian PT Higgins, Gunn E Vist, Paul Glasziou, Elie A Akl, Nicole Skoetz, Gordon H Guyatt, on behalf of the Cochrane GRADEing Methods Group (formerly Applicability and Recommendations Methods Group) and the Cochrane Statistical Methods Group -- Interpreting results and drawing conclusions / Holger J Schünemann, Gunn E Vist, Julian PT Higgins, Nancy Santesso, Jonathan J Deeks, Paul Glasziou, Elie A Akl, Gordon H Guyatt, on behalf of the Cochrane GRADEing Methods Group -- Equity and specific populations / Vivian A Welch, Jennifer Petkovic, Janet Jull, Lisa Hartling, Terry Klassen, Elizabeth Kristjansson, Jordi Pardo Pardo, Mark Petticrew, David J Stott, Denise Thomson, Erin Ueffing, Katrina Williams, Camilla Young, Peter Tugwell -- Intervention complexity / James Thomas, Mark Petticrew, Jane Noyes, Jacqueline Chandler, Eva Rehfuess, Peter Tugwell, Vivian A Welch -- Patient-reported outcomes / Bradley C Johnston, Donald L Patrick, Tahira Devji, Lara J Maxwell, Clifton O Bingham III, Dorcas E Beaton, Maarten Boers, Matthias Briel, Jason W Busse, Alonso Carrasco-Labra, Robin Christensen, Bruno R da Costa, Regina El Dib, Anne Lyddiatt, Raymond W Ostelo, Beverley Shea, Jasvinder Singh, Caroline B Terwee, Paula R Williamson, Joel J Gagnier, Peter Tugwell, Gordon H Guyatt -- Adverse effects / Guy Peryer, Su Golder, Daniela R Junqueira, Sunita Vohra, Yoon Kong Loke, on behalf of the Cochrane Adverse Effects Methods Group -- Economic evidence / Ian Shemilt, Patricia Aluko, Erin Graybill, Dawn Craig, Catherine Henderson, Michael Drummond, Edward CF Wilson, Shannon Robalino, Luke Vale, on behalf of the Campbell and Cochrane Economics Methods Group -- Qualitative evidence / Jane Noyes, Andrew Booth, Margaret Cargo, Kate Flemming, Angela Harden, Janet Harris, Ruth Garside, Karin Hannes, Tomás Pantoja, James Thomas -- Prospective approaches to accumulating evidence / James Thomas, Lisa M Askie, Jesse A Berlin, Julian H Elliott, Davina Ghersi, Mark Simmonds, Yemisi Takwoingi, Jayne F Tierney, Julian PT Higgins -- Including variants on randomized trials / Julian PT Higgins, Sandra Eldridge, Tianjing Li -- Including non-randomized studies on intervention effects / Barnaby C Reeves, Jonathan J Deeks, Julian PT Higgins, Beverley Shea, Peter Tugwell, George A Wells, on behalf of the Cochrane Non-Randomized Studies of Interventions Methods Group -- Assessing risk of bias in a non-randomized study / Jonathan AC Sterne, Miguel A Hernán, Alexandra McAleenan, Barnaby C Reeves, Julian PT Higgins -- Individual participant data / Jayne F Tierney, Lesley A Stewart, Mike Clarke, on behalf of the Cochrane Individual Participant Data Meta-analysis Methods Group 330 $aThe second edition of The Cochrane Handbook for Systematic Reviews of Interventions contains essential guidance for preparing and maintaining Cochrane Reviews of the effects of health interventions. Designed to be an accessible resource, the Handbook will also be of interest to anyone undertaking systematic reviews of interventions outside Cochrane, and many of the principles and methods presented are appropriate for systematic reviews addressing research questions other than effects of interventions. This fully updated edition contains extensive new material on systematic review methods addressing a wide-range of topics including network meta-analysis, equity, complex interventions, narrative synthesis, and automation. Also new to this edition, integrated throughout the Handbook, is the set of standards Cochrane expects its reviews to meet. Written for review authors, editors, trainers and others with an interest in Cochrane Reviews, the second edition of The Cochrane Handbook for Systematic Reviews of Interventions continues to offer an invaluable resource for understanding the role of systematic reviews, critically appraising health research studies and conducting reviews. 606 $aMedicine$xResearch$xEvaluation 606 $aOutcome and Process Assessment (Health Care)$3(DNLM)D010043 606 $aSystematic Reviews as Topic$3(DNLM)D000078202 606 $aMeta-Analysis as Topic$3(DNLM)D015201 606 $aEvidence-Based Medicine$xmethods$3(DNLM)D019317Q000379 606 $aRessenyes sistemàtiques (Investigació mèdica)$2thub 606 $aMedicina basada en l'evidència$2thub 606 $aMetaanàlisi$2thub 608 $aLlibres electrònics$2thub 615 0$aMedicine$xResearch$xEvaluation. 615 2$aOutcome and Process Assessment (Health Care) 615 22$aSystematic Reviews as Topic. 615 22$aMeta-Analysis as Topic. 615 2$aEvidence-Based Medicine$xmethods. 615 7$aRessenyes sistemàtiques (Investigació mèdica) 615 7$aMedicina basada en l'evidència 615 7$aMetaanàlisi 676 $a362.1 702 $aHiggins$b Julian P. T. 702 $aThomas$b James 702 $aChandler$b Jacqueline 702 $aCumpston$b Miranda 702 $aLi$b Tianjing 702 $aPage$b Matthew J. 702 $aWelch$b Vivian A. 801 0$bMiAaPQ 801 1$bMiAaPQ 801 2$bMiAaPQ 906 $aBOOK 912 $a9910555121903321 996 $aCochrane Handbook for Systematic Reviews of Interventions$92817686 997 $aUNINA